000 00704nam a2200181 a 4500
005 20210223125134.0
008 030925s1960 it r 000 0 ita d
035 _aUPN01000129208
049 _aCG
050 4 _aLB1585.5 I8
_bC6.4 1959
110 2 _aConvegno Internazionale di Cadenabbia
_d(1959 :
_cComo, Italia)
245 1 2 _aL'educazione física nella scuolla :
_bproblemi, orientamenti, documentazione.
260 _aRoma :
_bCentro Didattico Nazionali per l'Educazione Física e Sportiva,
_c1960.
300 _a258 p., [12] h. pleg.
_bil.
440 0 _a8 : educazione física e sportiva ;
_v1
650 4 _aEDUCACION FISICA -
_xESTUDIO Y ENSEÑANZA (ELEMENTAL) -
_vCONGRESOS
_917832
905 _aLibro
999 _c101381
_d101381